Espai lúdic i de salut per a la gent gran : manual de manteniment manual de manteniment
Publicado:
Barcelona :
Diputació de Barcelona. Àrea d'Infraestructures, Urbanisme i Habitatge. Servei d'Equipaments i Espai Públic ,
2010
Descripción Física:
44 p. : il. ; 30 cm
MARC
| LEADER | 00000nam a2200000Ia 4500 | ||
|---|---|---|---|
| 001 | 22666 | ||
| 008 | 160829s2010 xx 000 0 cat d | ||
| 080 | |a FU-57-28 | ||
| 245 | |a Espai lúdic i de salut per a la gent gran : |b manual de manteniment | ||
| 250 | |a 2a ed. | ||
| 260 | |a Barcelona : |b Diputació de Barcelona. Àrea d'Infraestructures, Urbanisme i Habitatge. Servei d'Equipaments i Espai Públic, |c 2010 | ||
| 300 | |a 44 p. : |b il. ; |c 30 cm | ||
| 650 | |a Zones d'esbarjo |x Manteniment i reparació |9 44955 | ||
| 650 | 0 | |a Exercici per a persones grans |x Barcelona (Província) |9 44954 | |
| 710 | |a Barcelona (Catalunya : Província). |b Servei d'Equipaments i Espai Públic |9 53769 | ||
| 901 | |a Arxiu | ||
| 942 | |n 1 | ||
| 952 | |0 0 |1 0 |4 0 |6 FU5728 |7 1 |9 52274 |a Arxiu |b Arxiu |d 2016-12-01 |l 0 |o FU-57-28 |p 22666 |r 2016-12-01 00:00:00 |w 2016-12-01 |y ARXIU | ||
| 999 | |c 56122 |d 56122 | ||